| 000 | 00000nam##2200000za#4500 |
| 001 | 9.604442 |
| 003 | CaOODSP |
| 005 | 20250403105155 |
| 007 | cr ||||||||||| |
| 008 | 150406|1996||||xxc|||||o f|0| 0 fre|d |
| 022 | |a1205-9161 |
| 040 | |aCaOODSP|bfre |
| 043 | |an-cn--- |
| 086 | 1 |aCS11-0019/94F-PDF |
| 245 | 00|aAspects longitudinaux de l'inégalité des revenus au Canada / |h[ressource électronique]|cpar René Morissette and Charles Bérubé. |
| 260 | |aOttawa - Ontario : |bStatistique Canada |cLe 11 juillet 1996. |
| 300 | |a52p.|bgraphiques, références, tableaux |
| 490 | 1 |aDocuments de recherche - Direction des études analytiques|x1205-9161|vN° 94 |
| 500 | |aLe n° de catalogue (11F0019MPF), l'ISBN (0-660-95273-4) et l'ISSN (1200-5231) de l'édition imprimée ont été incorrectement copiés dans l'édition électronique. |
| 590 | |a12-34-Supp|b2012-07-31 |
| 710 | 2 |aStatistique Canada. |
| 720 | 1 |aMorissette, René |
| 720 | 1 |aBérubé, Charles |
| 775 | 08|tLongitudinal aspects of earnings inequality in Canada / |w(CaOODSP)9.574707 |
| 830 | #0|aDocuments de recherche (Statistique Canada. Direction des études analytiques)|x1205-9161|vN° 94|w(CaOODSP)9.500842 |
| 856 | 40|ahttp://publications.gc.ca|qPDF|s283 Ko|uhttps://publications.gc.ca/collections/Collection/CS11-0019-94F.pdf|yN° 94 |